Alone with you in the ether (Record no. 240784)

MARC details
000 -LEADER
fixed length control field 01196nam a22002177a 4500
003 - CONTROL NUMBER IDENTIFIER
control field St Aloysius Coll
005 - DATE AND TIME OF LATEST TRANSACTION
control field 20260122162038.0
008 - FIXED-LENGTH DATA ELEMENTS--GENERAL INFORMATION
fixed length control field 260117b |||||||| |||| 00| 0 eng d
020 ## - INTERNATIONAL STANDARD BOOK NUMBER
International Standard Book Number 9781035012923
040 ## - CATALOGING SOURCE
Transcribing agency AL
041 ## - LANGUAGE CODE
Language code of text/sound track or separate title English
082 ## - DEWEY DECIMAL CLASSIFICATION NUMBER
Classification number 813.6
Item number BLAA
100 ## - MAIN ENTRY--PERSONAL NAME
Personal name Olivie Blake
9 (RLIN) 251641
245 ## - TITLE STATEMENT
Title Alone with you in the ether
Remainder of title : a love story
260 ## - PUBLICATION, DISTRIBUTION, ETC.
Place of publication, distribution, etc. UK
Name of publisher, distributor, etc. Tor
Date of publication, distribution, etc. 2022
300 ## - PHYSICAL DESCRIPTION
Extent 339p.
Other physical details PB
Dimensions 19.5x13cm
365 ## - TRADE PRICE
Source of price type code General
Price type code 5468
Price amount ₹479.00
Currency code
Unit of pricing ₹599.00
Price note 20%
Price effective from 10/01/2026
520 ## - SUMMARY, ETC.
Summary, etc. From the internationally bestselling author of The Atlas Six, Alone With You in the Ether by Olivie Blake is a glimpse into the nature of love, what it means to be unwell, and how to face the fractures of yourself and still love as if you'' re not broken. Chicago, sometime. Two people meet in the armory of the Art Institute by chance. Prior to their encounter, he is a doctoral student who manages his destructive thoughts with compulsive calculations about time travel; she is a bipolar counterfeit artist undergoing court-ordered psychotherapy. After their meeting, those things do not change.<br/>
650 ## - SUBJECT ADDED ENTRY--TOPICAL TERM
Source of heading or term Fiction
Topical term or geographic name entry element English Fiction
9 (RLIN) 251642
942 ## - ADDED ENTRY ELEMENTS (KOHA)
Source of classification or shelving scheme Dewey Decimal Classification
Koha item type Book
Holdings
Withdrawn status Lost status Source of classification or shelving scheme Damaged status Not for loan Collection code Home library Current library Date acquired Source of acquisition Cost, normal purchase price Total Checkouts Full call number Barcode Date last seen Cost, replacement price Price effective from Koha item type
    Dewey Decimal Classification     MA English St Aloysius PG Library St Aloysius PG Library 01/14/2026 Biblios Book Point 479.00   813.6 BLAA PG025149 01/17/2026 599.00   Book